000 00272nam a22001097a 4500
008 160519b xxu||||| |||| 00| 0 eng d
020 _a072164547X
041 _aeng
080 _a577
245 _aTextbook of biochemistry;
_cAbraham Mazur; Benjamin Harrow;
942 _2udc
_cBK
999 _c2234
_d2234